000
00236nam a2200109Ia 4500
008
240625s9999 xx 000 0 und d
041
_a
eng
082
_a
823 BHA
100
_a
BHAGAT CHETAN
245
_a
REVOLUTION 2020
365
_c
RS
_b
5
999
_c
32861
_d
32861